Arte latinoamericano o arte en América Latina
Պահպանված է:
| Հիմնական հեղինակ: | |
|---|---|
| Ձևաչափ: | Անհայտ |
| Հրապարակվել է: |
España:
CEXECI,
|
| Խորագրեր: | |
| Ցուցիչներ: |
Ավելացրեք ցուցիչ
Չկան պիտակներ, Եղեք առաջինը, ով նշում է այս գրառումը!
|
MARC
| LEADER | 000000000a22000000004500 | ||
|---|---|---|---|
| 001 | 000146 | ||
| 100 | 1 | |a Rojas Mix, Miguel, 1952- | |
| 245 | 1 | 0 | |a Arte latinoamericano o arte en América Latina |
| 260 | |a España: |b CEXECI, | ||
| 310 | |a trimestral | ||
| 650 | 4 | |a ARTE LATINOAMERICANO | |
| 650 | 4 | |a IDENTIDAD | |
| 650 | 4 | |a VANGUARDISMO | |
| 650 | 4 | |a INDIGENISMO | |
| 650 | 4 | |a LAM, WILFREDO | |
| 650 | 4 | |a MURALISMO MEXICANO | |
| 773 | 0 | |t Con Eñe: Revista de cultura hispanoamericana | |
| 773 | 0 | |g 0 | |
| 773 | 0 | |g 1997 | |
| 773 | 0 | |g 6-11 | |
| 999 | |c 924 |d 924 | ||
